El impuesto a la renta financiera, ley 27.430 (Registro nro. 34819)

Detalles MARC
000 -LEADER
fixed length control field 00313 a2200109 4500
001 - CONTROL NUMBER
control field ART_45464
005 - DATE AND TIME OF LATEST TRANSACTION
control field 20260410162040.0
008 - FIXED-LENGTH DATA ELEMENTS--GENERAL INFORMATION
fixed length control field 260409a
100 1# - MAIN ENTRY--PERSONAL NAME
Personal name Bello, Alberto M.
245 10 - TITLE STATEMENT
Title El impuesto a la renta financiera, ley 27.430
773 0# - HOST ITEM ENTRY
Title Impuestos
Related parts - Nº 22 (feb. 2018)
Record control number REV45175

No hay ítems disponibles.